| 000 | 00585nam a22001937a 4500 | ||
|---|---|---|---|
| 005 | 20251108164027.0 | ||
| 008 | 250721s1996 xx 000 0 ara d | ||
| 082 | 1 | 4 | _a005/عبد |
| 100 | 1 | _aعبد الله، وليد حبيب | |
| 245 | 1 | 0 | _aمفاهيم البرمجة و نظم المعلومات بلغة بيسك / |
| 250 | _aط2 مزيده ومنقحه | ||
| 264 | 1 |
_aبيروت : _bمؤسسة الرسالة، _c1996. |
|
| 300 | _a326ص. | ||
| 650 | 1 | 7 | _aالحواسيب |
| 650 | 1 | 7 | _aلغات البرمجة |
| 650 | 1 | 7 | _aبيسيك |
| 942 |
_2ddc _cBK |
||
| 999 |
_c1758 _d1758 |
||